| 000 | 00662nam a2200193Ia 4500 | ||
|---|---|---|---|
| 008 | 131103s9999 xx 000 0 und d | ||
| 020 |
_a753700042 _cGift |
||
| 040 | _aLoreto College | ||
| 041 | _aEnglish | ||
| 082 |
_a903/LAR/EnSem _bLCLIB/44349 |
||
| 245 |
_aLarousse encyclopedia of History _b 1500-1945 _cGeneral editor Marcel Dunan; English advisory editors John roberts, Bernard Wasserstein. Foreword by Hugh Trevor-Roper |
||
| 260 |
_aLondon _bChancellor Press _c1997 |
||
| 300 |
_a405p _b ill _c 26 cm |
||
| 504 | _aIncludes index | ||
| 650 | _aWorld History, 1500-1945 | ||
| 700 | _aDunan, Marcel,ed | ||
| 850 | _aLCLIB/EnSem/903/LAR | ||
| 942 | _cBK | ||
| 999 |
_c10525 _d61004 |
||